01022nam a2200193Ia 4500001001000000003001000010008004100020040002500061041001200086100002400098245005600122250001100178260009000189300002900279500018500308501011400493520018500607650003600792L208-3036IT-CnALBA170116s9999||||xx |||||||||||||| ||und|| aIT-CnALBAcIT-CnALBA aLATINO  aDUNS SCOTO GIOVANNI 0aJOANNIS DUNS SCOTI OPERA OMNIA ORDINATIO. VOL. II.  a1a ed. a ROMAE.bTYPIS POLIGLOTTIS VATICANIS. c1950 [1° Ed.:1950 - Ed.Ling.Originale: 1950] a468 p. (prefazione: 710) aCOMMISSIONE SCOTISTA: CONFR. DOCUMENTO 3035. INDICI. FRUIZIONE. FRUIZIONE IN SÈ. L'ESSERE FRUITORE. ESSENZA E UNITÀ DI DIO. GENERAZIONE E PROCESSIONE IN DIO. APPENDICI INDICI.  aSocietà San Paolo EM - Piazza San Paolo, 14 - 12051 ALBA (CN) (non commercial uses only) ® Copyright 2017 aCOMMISSIONE SCOTISTA: CONFR. DOCUMENTO 3035. INDICI. FRUIZIONE. FRUIZIONE IN SÈ. L'ESSERE FRUITORE. ESSENZA E UNITÀ DI DIO. GENERAZIONE E PROCESSIONE IN DIO. APPENDICI INDICI.  aPADRI E SCRITTORI ECCLESIASTICI